00425nam a22000977a 4500008004100000100003600041245011100077260005500188300003500243650004900278200324b ||||| |||| 00| 0 eng d aThe United Republic of Tanzania a2002 POPULATION AND HOUSING CENSUS VOLUME IVbDistrict profilecThe United Republic of TanzaniahEnglish aDar es salaambNational Bureau of Statisticsc2002 aviii,122p.bIllustrationc29cm 22002 population and housing census volume iv